00709nam a2200241 a 4500001001300000003000900013005001700022008004100039020002300080082001700103100001700120245002800137260004400165300000900209500003500218505002100253700002300274700002900297902000800326942000700334952010900341999001700450nice12345678IN_TiNIC20260116014421.0050524s2000 newa grp 000 0 eng  a8172313004 c25000a297.24bKAT1 aIbn Kathir,  aStories of the Prophets aNew Delhi bIslamic Book Service c2000 a444p aincludes index and biblioraphy2 aAlta Discusstion1 aS Muhammad Gemelah1 aAelfwine Acelas Mischler bSRS cBK 00104070aHMIbHMId2010-08-16g250.00l1o297.24 IBNp020012r2016-02-26s2016-02-12w2026-01-16yBK c15199d15199